[Event "Davos op"]
[Site "Davos"]
[Date "2023.07.01"]
[Round "3"]
[White "Matei, Robert"]
[Black "Morotti, Elisa"]
[Result "1-0"]
[WhiteElo "1808"]
[BlackElo "1540"]
[PlyCount "65"]
[EventDate "2023.06.30"]
[EventType "swiss"]
[EventRounds "5"]
[EventCountry "SUI"]
[SourceTitle "EXT 2024"]
[Source "ChessBase"]
[SourceDate "2023.10.10"]
[SourceVersion "1"]
[SourceVersionDate "2023.10.10"]
[SourceQuality "1"]

1. c4 Nf6 2. g3 e5 3. Bg2 d6 4. Nc3 c6 5. e4 Be7 6. Nge2 Be6 7. d3 Na6 8. Rb1 Nc7 9. Qa4 b5 10. cxb5 cxb5 11. Nxb5 Bd7 12. Nxc7+ Qxc7 13. Qc4 Qd8 14. 0-0 Be6 15. Qa4+ Bd7 16. Qa6 h5 17. h4 Ng4 18. f3 g5 19. hxg5 Bxg5 20. fxg4 Bxg4 21. Qc6+ Kf8 22. Bxg5 Qxg5 23. Qxa8+ Kg7 24. Qxa7 Be6 25. Qf2 h4 26. b4 h3 27. Bf3 h2+ 28. Kh1 Bxa2 29. b5 Bxb1 30. Rxb1 Qd2 31. Bg2 Qxd3 32. Rf1 Qc4 33. Nc3 1-0

[Event "Lesa Lago Maggiore op"]
[Site "Lesa"]
[Date "2023.05.06"]
[Round "2"]
[White "Pirrello, Christian"]
[Black "Morotti, Elisa"]
[Result "1-0"]
[WhiteElo "2071"]
[BlackElo "1546"]
[PlyCount "69"]
[EventDate "2023.05.05"]
[EventType "swiss"]
[EventRounds "5"]
[EventCountry "ITA"]
[SourceTitle "EXT 2024"]
[Source "ChessBase"]
[SourceDate "2023.10.10"]
[SourceVersion "1"]
[SourceVersionDate "2023.10.10"]
[SourceQuality "1"]

1. d4 Nf6 2. Nf3 g6 3. g3 c6 4. c4 Bg7 5. Bg2 0-0 6. 0-0 d6 7. Nc3 Nbd7 8. e4 e5 9. h3 h5 10. Bg5 Qe8 11. Qd2 Kh7 12. Rad1 Ng8 13. dxe5 dxe5 14. b4 f6 15. Be3 Nb6 16. Bc5 Rf7 17. Qe2 Be6 18. Nd2 Rd8 19. Be3 Rfd7 20. c5 Na8 21. Nc4 f5 22. Nd6 Qf8 23. exf5 gxf5 24. Qxh5+ Nh6 25. Rfe1 b6 26. Bxh6 Bxh6 27. Rxe5 Qf6 28. f4 Rg8 29. Kh2 Rdg7 30. Ne2 Re7 31. Nxf5 Bxf5 32. Rxe7+ Qxe7 33. Qxf5+ Kh8 34. Rd7 Rf8 35. Qd3 1-0

[Event "San Bernardino op"]
[Site "San Bernardino"]
[Date "2022.02.04"]
[Round "1"]
[White "Morotti, Elisa"]
[Black "Paleologu, Vladimir"]
[Result "0-1"]
[WhiteElo "1481"]
[BlackElo "2020"]
[PlyCount "48"]
[EventDate "2022.02.04"]
[EventType "swiss"]
[EventRounds "5"]
[EventCountry "SUI"]
[SourceTitle "EXT 2023"]
[Source "ChessBase"]
[SourceDate "2022.10.05"]
[SourceVersion "1"]
[SourceVersionDate "2022.10.05"]
[SourceQuality "1"]

1. e4 d6 2. f4 e5 3. Nf3 exf4 4. d4 g5 5. h4 g4 6. Nh2 Qxh4+ 7. Kd2 Nc6 8. c3 g3 9. Bc4 gxh2 10. Qf1 Nf6 11. Kd3 Nh5 12. Qf3 Bg4 13. Qf1 Be6 14. Bb5 Bd7 15. Kc2 Ng3 16. Qf2 Be7 17. Rxh2 Qxh2 18. Bxf4 Rg8 19. Nd2 0-0-0 20. Bd3 Rg4 21. d5 Rxf4 22. Qxf4 Ne5 23. Be2 Qxg2 24. Bd1 Nc4 0-1